| 000 | 00675nam a22002297a 4500 | ||
|---|---|---|---|
| 100 | _aChundawat, N.S. | ||
| 245 | _aEffect of walnut-shell filler as sustainable material with silane to replace carbon black in natural rubber-based tire tread compound | ||
| 260 | _bJournal of Rubber Research, 26(5): 2023. 425-439. | ||
| 300 | _bNovember | ||
| 650 | _aWalnut shell | ||
| 650 | _aFiller | ||
| 650 | _aSustainable | ||
| 650 | _aTire | ||
| 650 | _aCompound | ||
| 700 | _aParmar, B.S. | ||
| 700 | _aPerumal, P. | ||
| 700 | _aJadoun, S. | ||
| 700 | _aVaidya, D. | ||
| 700 | _aChauhan, N.P.S. | ||
| 856 | _uhttps://doi.org/10.1007/s42464-023-00226-2 | ||
| 942 | _cJS | ||
| 999 |
_c75264 _d75264 |
||